[Event "SV Kamen 1 - SV Erkenschwick 1"]
[Site "NRW-Klasse, Gruppe 1 2015/201"]
[Date "2015.09.27"]
[Round "1.2"]
[White "Huckebrink, Chris"]
[Black "Erwich, Marc"]
[Result "0-1"]
[WhiteElo "2108"]
[BlackElo "2286"]
[PlyCount "96"]
[EventDate "2015.??.??"]
[WhiteTeam "SV Kamen 1"]
[BlackTeam "SV Erkenschwick 1"]

1. e4 e5 2. Nf3 Nc6 3. Bb5 a6 4. Ba4 Nf6 5. O-O Be7 6. Re1 b5 7. Bb3 O-O 8. d3
d6 9. c3 Na5 10. Bc2 c5 11. Nbd2 Re8 12. Nf1 Bf8 13. Ng3 g6 14. a4 Be6 15. Bg5
h6 16. Be3 Bg7 17. h3 Kh7 18. d4 cxd4 19. cxd4 Qc7 20. d5 Bd7 21. axb5 axb5 22.
Bd3 Rec8 23. Qe2 Nc4 24. Rxa8 Rxa8 25. Rc1 Qb8 26. Bxc4 bxc4 27. Qxc4 Qxb2 28.
Qc2 Qxc2 29. Rxc2 Ne8 30. Bb6 Rb8 31. Rb2 f5 32. Nd2 Nf6 33. f3 fxe4 34. fxe4
h5 35. Bd4 Rxb2 36. Bxb2 Bh6 37. Nc4 h4 38. Nxd6 hxg3 39. Bxe5 Nh5 40. Nf7 Be3+
41. Kh1 Bb5 42. Nd6 Bd3 43. h4 Kg8 44. Nc8 Kf7 45. Bc7 Nf4 46. Nd6+ Ke7 47. Nb7
Bxe4 48. Nc5 Bxg2# 0-1

[Event "SV Kamen 1 - SV Erkenschwick 1"]
[Site "NRW-Klasse, Gruppe 1 2015/201"]
[Date "2015.09.27"]
[Round "1.3"]
[White "Jens, Jelmer"]
[Black "Luetke, Jens"]
[Result "1-0"]
[WhiteElo "2297"]
[BlackElo "2201"]
[PlyCount "71"]
[EventDate "2015.??.??"]
[WhiteTeam "SV Erkenschwick 1"]
[BlackTeam "SV Kamen 1"]

1. e4 e5 2. Nf3 Nc6 3. Bb5 a6 4. Ba4 Nf6 5. O-O Be7 6. d3 d6 7. c3 O-O 8. Nbd2
Nd7 9. Bc2 Nb6 10. d4 Bf6 11. d5 Ne7 12. a4 a5 13. b4 Bd7 14. Ba3 Qe8 15. bxa5
Rxa5 16. Bb4 Ra8 17. a5 Nbc8 18. Nc4 Bb5 19. Bd3 c5 20. dxc6 Qxc6 21. Ne3 Bxd3
22. Qxd3 h5 23. c4 Re8 24. Rfd1 Ra6 25. Nd5 Nxd5 26. cxd5 Qd7 27. Nd2 g6 28.
Nc4 Kg7 29. Bd2 Bd8 30. Rab1 Kg8 31. Rdc1 Kg7 32. f4 exf4 33. Bxf4 Qg4 34. Rf1
b5 35. Rxb5 g5 36. Ne3 1-0

[Event "SV Kamen 1 - SV Erkenschwick 1"]
[Site "NRW-Klasse, Gruppe 1 2015/201"]
[Date "2015.09.27"]
[Round "1.4"]
[White "Himmel, Hansjoerg"]
[Black "Van Beek, Alexander"]
[Result "1-0"]
[WhiteElo "2160"]
[BlackElo "2295"]
[PlyCount "71"]
[EventDate "2015.??.??"]
[WhiteTeam "SV Kamen 1"]
[BlackTeam "SV Erkenschwick 1"]

1. e4 c5 2. Nf3 e6 3. d4 cxd4 4. Nxd4 Bc5 5. Nb3 Bb6 6. c4 Ne7 7. Nc3 O-O 8.
Be2 Nbc6 9. c5 Bc7 10. Nb5 f5 11. O-O Bb8 12. Qd3 b6 13. Rd1 Ne5 14. Qc3 fxe4
15. Bg5 Rf5 16. Bh4 Qf8 17. Nd6 Bxd6 18. cxd6 Nd5 19. Qg3 Nf4 20. Bf1 Nfd3 21.
Nd4 Rf4 22. Be7 Qf7 23. h3 Nxf2 24. Bg5 Nxd1 25. Bxf4 Ng6 26. Bg5 Nxb2 27. Be2
e5 28. Rf1 Qd5 29. Nf5 Bb7 30. Bh5 Qc5+ 31. Kh1 Ba6 32. Bxg6 Bxf1 33. Ne7+ Kh8
34. Qh4 Bxg2+ 35. Kh2 h6 36. Bxh6 1-0

[Event "SV Kamen 1 - SV Erkenschwick 1"]
[Site "NRW-Klasse, Gruppe 1 2015/201"]
[Date "2015.09.27"]
[Round "1.5"]
[White "Langers, Alexander"]
[Black "Kleinegger, Frank"]
[Result "1-0"]
[WhiteElo "2201"]
[BlackElo "2131"]
[PlyCount "69"]
[EventDate "2015.??.??"]
[WhiteTeam "SV Erkenschwick 1"]
[BlackTeam "SV Kamen 1"]

1. e4 c5 2. Nf3 e6 3. Nc3 Nc6 4. d4 cxd4 5. Nxd4 Qc7 6. Be3 a6 7. f4 b5 8. Be2
Bb7 9. Bf3 Rc8 10. O-O Na5 11. Kh1 Nc4 12. Bc1 b4 13. Nce2 Nf6 14. b3 Na3 15.
Bxa3 bxa3 16. Qd3 e5 17. fxe5 Qxe5 18. Ng3 Bb4 19. c4 O-O 20. Ndf5 Rfe8 21.
Rad1 g6 22. Nh6+ Kg7 23. Qe3 d5 24. cxd5 Rc3 25. Ngf5+ gxf5 26. Qg5+ Kf8 27.
Nxf5 Rd8 28. Bg4 Bd6 29. Qg7+ Ke8 30. Qh8+ Bf8 31. Ng7+ Ke7 32. d6+ Rxd6 33.
Nf5+ Ke6 34. Qxf8 Nxg4 35. Qe7# 1-0

[Event "SV Kamen 1 - SV Erkenschwick 1"]
[Site "NRW-Klasse, Gruppe 1 2015/201"]
[Date "2015.09.27"]
[Round "1.6"]
[White "Kilian, Ralf"]
[Black "Homs, Guust"]
[Result "1/2-1/2"]
[WhiteElo "2121"]
[BlackElo "2186"]
[Annotator "Hausrath,Daniel"]
[PlyCount "86"]
[EventDate "2015.??.??"]
[WhiteTeam "SV Kamen 1"]
[BlackTeam "SV Erkenschwick 1"]

1. d4 d5 2. c4 e6 3. Nc3 Nf6 4. Bg5 Be7 5. e3 Nbd7 6. Rc1 O-O 7. Nf3 a6 8. a3
b6 9. Bd3 Bb7 10. O-O h6 11. Bh4 c5 12. Qe2 cxd4 13. Nxd4 Ne5 14. Bxf6 Bxf6 15.
cxd5 Nxd3 16. Qxd3 Bxd5 17. Nxd5 Qxd5 18. Rfd1 Rfd8 19. Qe2 Qe4 20. f3 Qb7 21.
Rc4 Rd7 22. Rc2 Bxd4 23. Rxd4 Rxd4 24. exd4 Rd8 25. Qe5 $11 Qd7 26. Rd2 Qc6 27.
Kf2 Qc1 28. Qe2 b5 29. Qe1 Qc7 30. g3 Rd5 31. f4 g5 32. fxg5 hxg5 33. Qe2 Qc6
34. Rc2 Qb6 35. Qe3 Qxd4 36. Qxd4 Rxd4 37. Ke3 Rd1 38. Rc5 Rb1 39. Rxg5+ Kh7
40. b4 Rb3+ 41. Kd4 Rxa3 42. Ke5 Re3+ 43. Kf6 Kh6 1/2-1/2

[Event "SV Kamen 1 - SV Erkenschwick 1"]
[Site "NRW-Klasse, Gruppe 1 2015/201"]
[Date "2015.09.27"]
[Round "1.7"]
[White "Van Zutphen, Jimmy"]
[Black "Georg, Heinz"]
[Result "1-0"]
[WhiteElo "2185"]
[BlackElo "2163"]
[PlyCount "72"]
[EventDate "2015.??.??"]
[WhiteTeam "SV Erkenschwick 1"]
[BlackTeam "SV Kamen 1"]

1. d4 f5 2. Bg5 g6 3. e3 Bg7 4. Nf3 Nf6 5. h3 Ne4 6. Bf4 d6 7. Nbd2 Nf6 8. Bc4
e6 9. O-O Qe7 10. Re1 c6 11. Bb3 Ne4 12. Nxe4 fxe4 13. Nd2 d5 14. f3 exf3 15.
Qxf3 O-O 16. Qg3 Rxf4 17. Qxf4 e5 18. Qf3 e4 19. Qxe4 Be6 20. Qd3 Na6 21. e4
Nb4 22. Qe3 c5 23. c3 cxd4 24. cxd4 Qh4 25. Nf3 Qg3 26. Ne5 Qxe3+ 27. Rxe3 Bh6
28. Re2 Rd8 29. a3 Na6 30. exd5 Bxd5 31. Bxd5+ Rxd5 32. Nf3 Nc7 33. Rae1 Bf4
34. Re4 Bd6 35. Rc1 a5 36. Re2 Nb5 1-0

[Event "SV Kamen 1 - SV Erkenschwick 1"]
[Site "NRW-Klasse, Gruppe 1 2015/201"]
[Date "2015.09.27"]
[Round "1.8"]
[White "Seepe, Udo"]
[Black "Strozewski, Frank"]
[Result "1/2-1/2"]
[WhiteElo "2042"]
[BlackElo "1957"]
[PlyCount "59"]
[EventDate "2015.??.??"]
[WhiteTeam "SV Kamen 1"]
[BlackTeam "SV Erkenschwick 1"]

1. Nf3 d6 2. d4 g6 3. e4 Bg7 4. Be3 Nc6 5. Nc3 Bg4 6. Qd2 e5 7. d5 Nce7 8. Bb5+
Kf8 9. O-O-O h6 10. h3 Bc8 11. g4 a6 12. Bd3 b5 13. Rdf1 Bd7 14. g5 Qc8 15. h4
hxg5 16. hxg5 Rxh1 17. Rxh1 Qe8 18. Nh4 Nc8 19. f4 exf4 20. Rf1 Be5 21. Bxf4
Kg7 22. Qf2 Bg4 23. Bxe5+ dxe5 24. Qg3 Bh5 25. d6 cxd6 26. Nd5 Ra7 27. Nf6 Nxf6
28. gxf6+ Kh7 29. Nf5 Qh8 30. Rh1 1/2-1/2

[Event "SK Herne-Sodingen 1 - Ratinger SK 1"]
[Site "NRW-Klasse, Gruppe 2 2015/201"]
[Date "2015.09.27"]
[Round "1.1"]
[White "Preuschoff, Michael"]
[Black "Koscielski, Janusz"]
[Result "1-0"]
[WhiteElo "2142"]
[BlackElo "2325"]
[PlyCount "81"]
[EventDate "2015.??.??"]
[WhiteTeam "Ratinger SK 1"]
[BlackTeam "SK Herne-Sodingen 1"]

1. d4 Nf6 2. Nf3 g6 3. g3 Bg7 4. Bg2 O-O 5. O-O d6 6. h3 Nfd7 7. d5 Nc5 8. Nd4
a5 9. Nc3 c6 10. e4 e5 11. dxe6 fxe6 12. Be3 Nba6 13. Qd2 a4 14. Bh6 Bxh6 15.
Qxh6 e5 16. Nde2 Qe7 17. Rad1 Be6 18. Rd2 Rad8 19. Rfd1 b5 20. a3 Bc4 21. Qe3
g5 22. g4 Ne6 23. Ng3 Nd4 24. Rxd4 exd4 25. Rxd4 Be6 26. Qd2 Nc5 27. Nd1 Bc8
28. Ne3 Qe5 29. Nef5 Ne6 30. Ne7+ Kh8 31. Rd3 Bb7 32. Nef5 c5 33. Nxd6 Rd7 34.
Nxb5 Rxd3 35. Qxd3 Nf4 36. Qd6 Re8 37. Bf1 Bxe4 38. Nxe4 Qxe4 39. Qf6+ Kg8 40.
Nd6 Ne2+ 41. Bxe2 1-0

[Event "SK Herne-Sodingen 1 - Ratinger SK 1"]
[Site "NRW-Klasse, Gruppe 2 2015/201"]
[Date "2015.09.27"]
[Round "1.2"]
[White "Tomaszewski, Roman"]
[Black "Welzel, Philipp"]
[Result "1/2-1/2"]
[WhiteElo "2238"]
[BlackElo "2129"]
[Annotator "Hausrath,Daniel"]
[PlyCount "83"]
[EventDate "2015.??.??"]
[WhiteTeam "SK Herne-Sodingen 1"]
[BlackTeam "Ratinger SK 1"]

1. d4 Nf6 2. c3 e6 3. f4 c5 4. e3 b6 5. Nf3 Bb7 6. Bd3 Be7 7. O-O O-O 8. Nbd2
Qc7 9. Qe2 Nc6 10. a3 cxd4 11. cxd4 a6 12. Nb3 d5 13. Bd2 Rfc8 14. Rfc1 Qd8 15.
Ne5 Ne4 16. Nxc6 Rxc6 17. Rxc6 Bxc6 18. Bb4 Bxb4 19. axb4 Qd6 20. b5 axb5 21.
Rxa8+ Bxa8 22. Bxe4 dxe4 23. Qxb5 Qd8 24. Nd2 Bd5 25. Nb1 g6 26. Nc3 Qc7 27. h3
Qc6 $11 28. Qb4 Kg7 29. Kh2 h6 30. Na4 Qc1 31. Qc3 Qxc3 32. bxc3 b5 33. Nc5 g5
34. Kg3 Kg6 35. h4 f6 36. Kg4 f5+ 37. Kg3 Kh5 38. hxg5 hxg5 39. Nd7 Kg6 40.
Ne5+ Kf6 41. fxg5+ Kxg5 42. Nf7+ 1/2-1/2

[Event "SK Herne-Sodingen 1 - Ratinger SK 1"]
[Site "NRW-Klasse, Gruppe 2 2015/201"]
[Date "2015.09.27"]
[Round "1.3"]
[White "Dinescu, Adrian"]
[Black "Waldschmidt, Georg"]
[Result "1-0"]
[WhiteElo "2220"]
[BlackElo "2227"]
[PlyCount "69"]
[EventDate "2015.??.??"]
[WhiteTeam "Ratinger SK 1"]
[BlackTeam "SK Herne-Sodingen 1"]

1. e4 c5 2. Nf3 e6 3. d4 cxd4 4. Nxd4 Nf6 5. Nc3 d6 6. Be2 Be7 7. O-O O-O 8.
Kh1 Nc6 9. Be3 a6 10. f4 Nxd4 11. Bxd4 b5 12. e5 dxe5 13. fxe5 Nd5 14. Nxd5
exd5 15. Bd3 Be6 16. Rf6 Qd7 17. Qh5 g6 18. Qh6 Rfd8 19. Bxg6 fxg6 20. Rxg6+
hxg6 21. Qxg6+ Kh8 22. Rf1 Bf8 23. Rf4 Bg7 24. Rh4+ Kg8 25. Qh7+ Kf7 26. Rf4+
Ke8 27. Qg6+ Qf7 28. Rxf7 Bxf7 29. Qxg7 Rac8 30. c3 Rc6 31. b4 Rg6 32. Qh7 Ke7
33. Qh4+ Kd7 34. Qf4 Be6 35. g3 1-0

[Event "SK Herne-Sodingen 1 - Ratinger SK 1"]
[Site "NRW-Klasse, Gruppe 2 2015/201"]
[Date "2015.09.27"]
[Round "1.4"]
[White "Graw, Christopher"]
[Black "Springer, Ralf"]
[Result "1/2-1/2"]
[WhiteElo "2184"]
[BlackElo "2126"]
[PlyCount "50"]
[EventDate "2015.??.??"]
[WhiteTeam "SK Herne-Sodingen 1"]
[BlackTeam "Ratinger SK 1"]

1. e4 d5 2. Nc3 dxe4 3. Nxe4 Qd5 4. d3 Nf6 5. Nxf6+ exf6 6. Ne2 c6 7. Nf4 Qd8
8. g3 Bd6 9. Bg2 O-O 10. O-O Re8 11. Rb1 a5 12. Bd2 Na6 13. a3 Nc7 14. b4 axb4
15. axb4 Nb5 16. Re1 Bf5 17. Ra1 h6 18. Ra5 Rxa5 19. bxa5 Nd4 20. Rxe8+ Qxe8
21. Be3 Nb5 22. c4 Bxf4 23. gxf4 Nd6 24. Qb3 Qe6 25. Qa3 Bh3 1/2-1/2

[Event "SK Herne-Sodingen 1 - Ratinger SK 1"]
[Site "NRW-Klasse, Gruppe 2 2015/201"]
[Date "2015.09.27"]
[Round "1.5"]
[White "Busch, Christian"]
[Black "Boehnke, Martin"]
[Result "1/2-1/2"]
[WhiteElo "2129"]
[BlackElo "2111"]
[PlyCount "61"]
[EventDate "2015.??.??"]
[WhiteTeam "Ratinger SK 1"]
[BlackTeam "SK Herne-Sodingen 1"]

1. d4 d5 2. c4 c6 3. cxd5 cxd5 4. Nc3 Nf6 5. Nf3 Nc6 6. Bf4 Bf5 7. e3 e6 8. Rc1
Be7 9. Bd3 Bxd3 10. Qxd3 O-O 11. O-O Qb6 12. a3 Qxb2 13. Nb5 a6 14. Rb1 Qa2 15.
Nd6 Ne4 16. Nxe4 dxe4 17. Qxe4 Qxa3 18. Rxb7 Rac8 19. h4 h6 20. g4 Bd6 21. Rb6
Bxf4 22. Rxc6 Rxc6 23. Qxc6 Bb8 24. Rc1 a5 25. Qc5 Bd6 26. Qxa3 Bxa3 27. Ra1
Bb4 28. Ne5 Rc8 29. Nd3 Be7 30. Rxa5 Bxh4 31. Ra2 1/2-1/2

[Event "SK Herne-Sodingen 1 - Ratinger SK 1"]
[Site "NRW-Klasse, Gruppe 2 2015/201"]
[Date "2015.09.27"]
[Round "1.6"]
[White "Hille, Ralph Ingo"]
[Black "Liedtke, Dirk"]
[Result "1/2-1/2"]
[WhiteElo "2043"]
[BlackElo "2126"]
[PlyCount "43"]
[EventDate "2015.??.??"]
[WhiteTeam "SK Herne-Sodingen 1"]
[BlackTeam "Ratinger SK 1"]

1. b3 e5 2. Bb2 d6 3. e3 Nf6 4. d4 Nbd7 5. Nf3 e4 6. Nfd2 d5 7. c4 c6 8. Qc2 a6
9. a4 Bd6 10. Ba3 Qe7 11. Qb2 O-O 12. Nc3 Bxa3 13. Rxa3 a5 14. cxd5 cxd5 15.
Be2 Nb8 16. O-O Nc6 17. Rc1 Nb4 18. Na2 Bd7 19. Nxb4 axb4 20. Raa1 Rfc8 21.
Rxc8+ Rxc8 22. Kf1 1/2-1/2

[Event "SK Herne-Sodingen 1 - Ratinger SK 1"]
[Site "NRW-Klasse, Gruppe 2 2015/201"]
[Date "2015.09.27"]
[Round "1.7"]
[White "Graeber, Ralf"]
[Black "Schippan, Bernhard"]
[Result "1/2-1/2"]
[WhiteElo "2086"]
[BlackElo "2140"]
[PlyCount "147"]
[EventDate "2015.??.??"]
[WhiteTeam "Ratinger SK 1"]
[BlackTeam "SK Herne-Sodingen 1"]

1. Nf3 Nf6 2. g3 g6 3. Bg2 Bg7 4. O-O O-O 5. d4 d6 6. b3 c5 7. Bb2 Nc6 8. c4
Bg4 9. d5 Nb4 10. a3 Na6 11. Nbd2 Qc8 12. Re1 Nc7 13. Qc2 Bh3 14. Bh1 e5 15.
dxe6 Nxe6 16. Ne4 Nxe4 17. Bxg7 Nxg3 18. hxg3 Kxg7 19. Rad1 Qc7 20. Rd5 Rad8
21. Red1 Rd7 22. Qe4 Bf5 23. Rxf5 gxf5 24. Qxf5 Qd8 25. Rd5 Qf6 26. Qh3 h6 27.
Nh4 Rh8 28. Nf5+ Kf8 29. Nxd6 Qd8 30. Nxb7 Qc7 31. Rxd7 Qxd7 32. Bd5 Qe7 33. e3
Nc7 34. Bf3 Ne6 35. Qf5 Rg8 36. Na5 Rg5 37. Qd3 Qf6 38. Kg2 h5 39. Qe4 Rf5 40.
Qc6 h4 41. gxh4 Qxh4 42. Nb7 Qf6 43. Nd6 Rg5+ 44. Kf1 Qa1+ 45. Ke2 Qb2+ 46. Kd3
Qxb3+ 47. Kd2 Qb2+ 48. Kd3 Qxa3+ 49. Kc2 Qa2+ 50. Kc3 Qa1+ 51. Kc2 Qf6 52. Qa8+
Qd8 53. Qc6 Rg6 54. Bd5 Nd4+ 55. exd4 Qxd6 56. Qxd6+ Rxd6 57. dxc5 Rf6 58. f3
Ke7 59. Kc3 Ra6 60. Kb4 f6 61. Kb5 Ra1 62. Be4 Ra2 63. Bf5 Kd8 64. Kc6 Rb2 65.
Kd6 a5 66. Be4 Rd2+ 67. Bd5 a4 68. c6 a3 69. c7+ Kc8 70. Kc6 Re2 71. Kb6 Rb2+
72. Kc6 Re2 73. Kb6 Rb2+ 74. Kc6 1/2-1/2

[Event "SK Herne-Sodingen 1 - Ratinger SK 1"]
[Site "NRW-Klasse, Gruppe 2 2015/201"]
[Date "2015.09.27"]
[Round "1.8"]
[White "Mueller, Frank"]
[Black "Gatterer, Matthias"]
[Result "1-0"]
[WhiteElo "1984"]
[BlackElo "2050"]
[PlyCount "73"]
[EventDate "2015.??.??"]
[WhiteTeam "SK Herne-Sodingen 1"]
[BlackTeam "Ratinger SK 1"]

1. e4 e6 2. d4 d5 3. Nd2 c5 4. exd5 Qxd5 5. Ngf3 cxd4 6. Bc4 Qd6 7. O-O Nf6 8.
Nb3 Nc6 9. Nbxd4 Nxd4 10. Nxd4 a6 11. Re1 Qc7 12. Qe2 Bd7 13. Bg5 Bd6 14. Nf5
Bf8 15. Bh4 Qc5 16. Bd3 O-O-O 17. b4 Qc3 18. Ne3 Bc6 19. Nc4 Bd6 20. Nxd6+ Rxd6
21. Bg3 Rd7 22. Rab1 Qd4 23. b5 axb5 24. Bxb5 Qd5 25. Bxc6 Qxc6 26. Qe5 Kd8 27.
Qa5+ Ke7 28. Rb6 Qc8 29. Qb4+ Ke8 30. c4 h5 31. h4 Rh6 32. a4 Rg6 33. a5 Rg4
34. a6 Rxc4 35. axb7 Nd5 36. bxc8=Q+ Rxc8 37. Qb5 1-0

[Event "SC Hansa Dortmund 2 - SG Bochum 2"]
[Site "NRW-Klasse, Gruppe 2 2015/201"]
[Date "2015.09.27"]
[Round "1.1"]
[White "Kotainy, Jens"]
[Black "Wegener, Olaf"]
[Result "1-0"]
[WhiteElo "2326"]
[BlackElo "2429"]
[PlyCount "53"]
[EventDate "2015.??.??"]
[WhiteTeam "SG Bochum 2"]
[BlackTeam "SC Hansa Dortmund 2"]

1. e4 c5 2. c3 d5 3. exd5 Qxd5 4. d4 Nf6 5. Nf3 e6 6. Na3 Nc6 7. Be3 cxd4 8.
Nb5 Qd7 9. Nbxd4 Nd5 10. Nxc6 Nxe3 11. fxe3 Qxc6 12. Ne5 Qe4 13. Bb5+ Ke7 14.
Nc4 Qd5 15. Qa4 Bd7 16. Bxd7 Qxd7 17. Qb3 f5 18. Rd1 Qc7 19. e4 Kf6 20. e5+ Kg6
21. Nd6 Qe7 22. O-O b6 23. g4 Rd8 24. gxf5+ exf5 25. Rxf5 Rxd6 26. exd6 Qe3+
27. Rf2 1-0

[Event "SC Hansa Dortmund 2 - SG Bochum 2"]
[Site "NRW-Klasse, Gruppe 2 2015/201"]
[Date "2015.09.27"]
[Round "1.3"]
[White "Schlawin, Marlon"]
[Black "Schmittdiel, Eckhard"]
[Result "1-0"]
[WhiteElo "2252"]
[BlackElo "2344"]
[PlyCount "107"]
[EventDate "2015.??.??"]
[WhiteTeam "SG Bochum 2"]
[BlackTeam "SC Hansa Dortmund 2"]

1. c4 c5 2. g3 Nc6 3. Bg2 d6 4. Nc3 e5 5. e3 f5 6. Nge2 Nf6 7. d4 Bd7 8. O-O
Be7 9. a3 O-O 10. Rb1 Rf7 11. b4 b6 12. Nd5 Rc8 13. Bb2 cxd4 14. exd4 Kh8 15.
Rc1 e4 16. f3 exf3 17. Bxf3 Bf8 18. Nef4 Ne7 19. Nxf6 Rxf6 20. d5 Rh6 21. Qd2
Qe8 22. Rfe1 Qf7 23. Ne6 Ng8 24. Ng5 Qg6 25. Re2 Nf6 26. Ne6 Kg8 27. Qg5 Qxg5
28. Nxg5 Re8 29. Rxe8 Bxe8 30. Re1 Bd7 31. Ne6 Ng4 32. Bxg4 fxg4 33. Nxf8 Kxf8
34. Bxg7+ Kxg7 35. Re7+ Kf6 36. Rxd7 Ke5 37. Rf7 Rg6 38. Rf4 b5 39. cxb5 Kxd5
40. Kf2 Rh6 41. Kg2 Re6 42. Rxg4 Re2+ 43. Kh3 Ra2 44. Rg7 Rxa3 45. Rxh7 Kc4 46.
Rd7 d5 47. Kg4 d4 48. h4 d3 49. h5 Ra1 50. h6 Kc3 51. h7 Rh1 52. Kg5 d2 53. Kg6
Kc2 54. Kg7 1-0

[Event "SC Hansa Dortmund 2 - SG Bochum 2"]
[Site "NRW-Klasse, Gruppe 2 2015/201"]
[Date "2015.09.27"]
[Round "1.4"]
[White "Schroeder, Kevin"]
[Black "Dahm, Jochen"]
[Result "1/2-1/2"]
[WhiteElo "2253"]
[BlackElo "2199"]
[PlyCount "70"]
[EventDate "2015.??.??"]
[WhiteTeam "SC Hansa Dortmund 2"]
[BlackTeam "SG Bochum 2"]

1. e4 e5 2. Nf3 Nc6 3. Bb5 Nge7 4. c3 g6 5. d4 exd4 6. cxd4 a6 7. Ba4 Bg7 8.
O-O O-O 9. h3 d6 10. Nc3 b5 11. Bb3 Na5 12. Bg5 Nxb3 13. Qxb3 Be6 14. d5 Bc8
15. a4 h6 16. Bxe7 Qxe7 17. axb5 Rb8 18. Qc4 axb5 19. Nxb5 Bd7 20. Na7 Rb7 21.
Ra2 Re8 22. Re1 Qf6 23. Re2 Ra8 24. Nc6 Rxa2 25. Qxa2 Rxb2 26. Qa8+ Kh7 27.
Rxb2 Qxb2 28. Kh2 Bxc6 29. dxc6 Be5+ 30. Nxe5 Qxe5+ 31. g3 Qxe4 32. Qf8 Qf3 33.
Kg1 Qd1+ 34. Kh2 Qf3 35. Kg1 Qd1+ 1/2-1/2

[Event "SC Hansa Dortmund 2 - SG Bochum 2"]
[Site "NRW-Klasse, Gruppe 2 2015/201"]
[Date "2015.09.27"]
[Round "1.5"]
[White "Werthebach, Felix"]
[Black "Karger, Frank"]
[Result "0-1"]
[WhiteElo "2140"]
[BlackElo "2264"]
[Annotator "Hausrath,Daniel"]
[PlyCount "84"]
[EventDate "2015.??.??"]
[WhiteTeam "SG Bochum 2"]
[BlackTeam "SC Hansa Dortmund 2"]

1. c4 Nf6 2. g3 g6 3. Bg2 Bg7 4. Nc3 O-O 5. e4 d6 6. Nge2 c5 7. O-O Nc6 8. h3
Ne8 9. f4 Nc7 10. Rb1 Rb8 11. d3 Ne6 12. a3 a5 13. Kh2 Bd7 14. Nb5 Ned4 15.
Nec3 Nxb5 16. Nxb5 Nd4 17. a4 Bc6 18. Be3 Bxb5 19. axb5 e6 20. Bxd4 Bxd4 21. f5
Be5 22. Qf3 h5 23. Kg1 Qg5 24. g4 hxg4 25. hxg4 Kg7 26. Bh3 Rh8 27. Kg2 $11 Rh4
28. Rf2 Rbh8 29. Rh1 a4 30. fxe6 f6 31. b6 Kf8 32. d4 cxd4 33. c5 dxc5 34. Qd1
Qe3 35. Qf3 Ke7 36. Qxe3 dxe3 37. Rf3 Bd4 38. g5 Rxe4 39. gxf6+ Bxf6 40. Re1 e2
41. Rd3 Bh4 42. Rd7+ Ke8 0-1

[Event "SC Hansa Dortmund 2 - SG Bochum 2"]
[Site "NRW-Klasse, Gruppe 2 2015/201"]
[Date "2015.09.27"]
[Round "1.7"]
[White "Stricker, Florian"]
[Black "Babar, Michael"]
[Result "1/2-1/2"]
[WhiteElo "1970"]
[BlackElo "2101"]
[PlyCount "32"]
[EventDate "2015.??.??"]
[WhiteTeam "SG Bochum 2"]
[BlackTeam "SC Hansa Dortmund 2"]

1. d4 Nf6 2. c4 e6 3. Nf3 b6 4. g3 Bb7 5. Bg2 Be7 6. O-O O-O 7. Nc3 d6 8. Re1
Nbd7 9. b3 Ne4 10. Qc2 Nxc3 11. Qxc3 Nf6 12. Bb2 Ne4 13. Qc2 f5 14. Nd2 d5 15.
f3 Nxd2 16. Qxd2 dxc4 1/2-1/2

[Event "SC Hansa Dortmund 2 - SG Bochum 2"]
[Site "NRW-Klasse, Gruppe 2 2015/201"]
[Date "2015.09.27"]
[Round "1.8"]
[White "Berndt, Joachim"]
[Black "Zeldin, Vitali"]
[Result "1-0"]
[WhiteElo "2073"]
[BlackElo "1986"]
[PlyCount "67"]
[EventDate "2015.??.??"]
[WhiteTeam "SC Hansa Dortmund 2"]
[BlackTeam "SG Bochum 2"]

1. Nf3 c5 2. e4 d6 3. g3 Nc6 4. Bg2 g6 5. O-O Bg7 6. d3 e5 7. c3 Nge7 8. a3 a5
9. a4 O-O 10. Na3 h6 11. Nb5 d5 12. exd5 Nxd5 13. Nd2 Be6 14. Nc4 Nde7 15. Be3
b6 16. Qe2 Rb8 17. Rad1 Qd7 18. Rfe1 Nd5 19. Bc1 Rfe8 20. Ncd6 Re7 21. h4 Nc7
22. Nxc7 Qxc7 23. Nc4 Qd7 24. h5 g5 25. Qe4 Na7 26. Nxe5 Qc7 27. Nxf7 Rbe8 28.
Nxh6+ Bxh6 29. Qg6+ Bg7 30. h6 Bb3 31. Rxe7 Rxe7 32. c4 Bxd1 33. Bd5+ Kh8 34.
hxg7+ 1-0

[Event "SF Neuenkirchen 1 - SG Niederkassel 1"]
[Site "NRW-Klasse, Gruppe 2 2015/201"]
[Date "2015.09.27"]
[Round "1.1"]
[White "Wigger, Jochen"]
[Black "Griebl, Joern"]
[Result "0-1"]
[WhiteElo "2287"]
[BlackElo "2213"]
[PlyCount "152"]
[EventDate "2015.??.??"]
[WhiteTeam "SG Niederkassel 1"]
[BlackTeam "SF Neuenkirchen 1"]

1. d4 Nf6 2. Bg5 e6 3. Nd2 d5 4. e3 c5 5. c3 Nc6 6. Ngf3 cxd4 7. exd4 Be7 8.
Bd3 Bd7 9. O-O Qc7 10. Re1 Rb8 11. Ne5 b5 12. Rc1 Rb6 13. Qe2 Qb7 14. b4 a5 15.
Nxc6 Bxc6 16. bxa5 Ra6 17. Nb3 Ra8 18. Rb1 O-O 19. Nc5 Bxc5 20. Bxf6 Be7 21.
Bxh7+ Kxh7 22. Qh5+ Kg8 23. Re3 Bxf6 24. Rh3 Bh4 25. Rxh4 f6 26. Re1 Qd7 27.
Re3 Qe8 28. Qe2 Bd7 29. f4 Qg6 30. h3 Rxa5 31. Kh2 Kf7 32. Qb2 Qf5 33. Rg4 Kg8
34. Qb4 Raa8 35. Qd6 Rf7 36. a3 Re8 37. Rgg3 Rfe7 38. Re2 Kf7 39. Rge3 Qb1 40.
Re1 Qb3 41. R1e2 Qc4 42. Rf2 Qc6 43. Qb4 Qc7 44. Qb1 Kg8 45. Qg6 Ra8 46. Rg3
Rf7 47. h4 Be8 48. h5 Rf8 49. Qg4 Qf7 50. Rh3 Rxa3 51. Rff3 Bd7 52. Rhg3 e5 53.
f5 e4 54. Rf4 Be8 55. h6 Qh5+ 56. Qxh5 Bxh5 57. Rh4 Rf7 58. Rxh5 b4 59. cxb4
Rxg3 60. Kxg3 Rb7 61. hxg7 Rxb4 62. Rh8+ Kxg7 63. Ra8 Rxd4 64. Kf4 Rd3 65. Ra7+
Kf8 66. Ra6 Ke7 67. Ra7+ Kd6 68. Ra6+ Kc5 69. Rxf6 Rd2 70. Kg3 d4 71. Rf8 e3
72. f6 Kd6 73. Re8 Rf2 74. Re4 Kd5 75. Rf4 Rxf4 76. Kxf4 e2 0-1

[Event "SF Neuenkirchen 1 - SG Niederkassel 1"]
[Site "NRW-Klasse, Gruppe 2 2015/201"]
[Date "2015.09.27"]
[Round "1.3"]
[White "Schienmann, Bruno"]
[Black "Beckmann, Klaus"]
[Result "1-0"]
[WhiteElo "2233"]
[BlackElo "2209"]
[PlyCount "104"]
[EventDate "2015.??.??"]
[WhiteTeam "SG Niederkassel 1"]
[BlackTeam "SF Neuenkirchen 1"]

1. d4 Nf6 2. c4 e6 3. Nc3 Bb4 4. e3 c5 5. Nge2 b6 6. a3 Ba5 7. Nf4 O-O 8. Bd2
Qe7 9. Be2 Bb7 10. O-O d6 11. Bf3 Bxc3 12. Bxc3 Ne4 13. Bxe4 Bxe4 14. f3 Bb7
15. e4 Rd8 16. Nh5 e5 17. d5 g6 18. Ng3 Nd7 19. a4 Ba6 20. b3 Rab8 21. Qd2 Rf8
22. f4 exf4 23. Rxf4 f6 24. Raf1 Rf7 25. Rg4 Rg7 26. Rgf4 Rf8 27. h3 Ne5 28.
R4f2 Rgf7 29. Qc2 Bc8 30. Bd2 Bd7 31. Bh6 Rb8 32. Ra1 a6 33. Bf4 Be8 34. Nf1
Qf8 35. Ne3 Bd7 36. Qd2 Re8 37. Raf1 Qe7 38. Bg3 Qd8 39. Bh4 Ref8 40. Kh2 Kg7
41. Bg3 h5 42. Qe2 Qe8 43. Kg1 Qb8 44. Ra1 Be8 45. Qd2 Re7 46. Raf1 Ref7 47.
Bf4 Rh8 48. Bg3 Qc7 49. Bxe5 fxe5 50. Rxf7+ Bxf7 51. Qf2 Qe7 52. Qg3 Kg8 1-0

[Event "SF Neuenkirchen 1 - SG Niederkassel 1"]
[Site "NRW-Klasse, Gruppe 2 2015/201"]
[Date "2015.09.27"]
[Round "1.4"]
[White "Rieke, Theo"]
[Black "Rybarczyk, Klaus"]
[Result "0-1"]
[WhiteElo "2015"]
[BlackElo "2165"]
[PlyCount "66"]
[EventDate "2015.??.??"]
[WhiteTeam "SF Neuenkirchen 1"]
[BlackTeam "SG Niederkassel 1"]

1. c4 Nf6 2. Nf3 g6 3. Nc3 Bg7 4. e4 d6 5. d4 O-O 6. Be2 e5 7. dxe5 dxe5 8.
Qxd8 Rxd8 9. Bg5 Re8 10. O-O-O h6 11. Be3 Na6 12. h3 Bf8 13. Nd2 c6 14. a3 Nc5
15. b4 Ne6 16. Nb3 b6 17. Kb2 a5 18. b5 cxb5 19. cxb5 a4 20. Nc1 Nd4 21. Bc4
Bb7 22. f4 Nxe4 23. Nxe4 Bxe4 24. fxe5 Nc2 25. Bf4 Bxa3+ 26. Ka2 Bc5 27. Rd7
Nb4+ 28. Kb2 Re7 29. Rhd1 a3+ 30. Kc3 g5 31. Rxe7 Bxe7 32. Be3 Rc8 33. Kb3 a2
0-1